000 00883nam a2200265 i 4500
001 180263
003 ES-MaACL
005 20250727032055.0
008 120522s1987 sp |||| | spa d
020 _a84-7658-052-5
080 _a39(96)
080 _a316.7(96)
100 1 _aValle, Teresa del.
_9112776
245 1 0 _aCulturas oceánicas, Micronesia /
_cTeresa del Valle ; dibujos realizados por Begoña del Valle.
250 _a[1ª ed.].
260 _aBarcelona :
_bAnthropos,
_c1987.
300 _a97 p. :
_bil. ;
_c27 cm.
490 1 _aCuadernos de antropología. Areas culturales ;
_v8
504 _aBibliografía: p: 91-97.
650 4 _aAntropología cultural y social-
_zMicronesia.
_9150071
700 1 _aValle, Begoña del.
_9150072
830 0 _aCuadernos de antropología
_v8
_9224620
852 _aES-MaACL
_j2313-F-8
999 _c180263
_d180263